Technique clinique médicale et séméiologie élémentaires (Registro nro. 320426)

Detalles MARC
000 -ENCABEZADO
Número de control [NR] 00933nam a22002417a 4500
005 - FECHA Y HORA DE LA ÚLTIMA TRANSACCIÓN
control field 20240313090117.0
008 - DE LONGITUD FIJA DE DATOS DE ELEMENTOS - INFORMACIÓN GENERAL
Elementos de longitud fija [NR] 220128s1922 fr a|||gr|||| 00| 0 fre d
040 ## - FUENTE DE CATALOGACION [NR]
Agencia de catalogación original [NR] CO-BoUCM
Idioma de catalogación [NR] spa
Quien Cataloga Deissy Garcia
Quien Clasifica Deissy Garcia
041 0# - CODIGO DE IDIOMA [R]
Código de idioma para texto/pista de sonido o título separado [R] Francés
060 ## - SIGNATURA TOPOGRAFICA DE LA BIBLIOTECA NACIONAL DE MEDICINA (NLM) [R]
Número clasificador [R] WB 141
245 10 - MENCION DE TITULO [NR]
Título [NR] Technique clinique médicale et séméiologie élémentaires
Mención de responsabilidad, etc. [NR] dirección Emile Sergent
250 ## - MENCION DE EDICION [NR]
Mención de edición [NR] 5a.Ed.
260 ## - PUBLICACION, DISTRIBUCION, ETC. (PIE DE IMPRENTA) [R]
Lugar de publicación, distribución, etc. [R] París
Nombre del editor, distribuidor, etc. [R] A. Maloine et fils
Fecha de publicación, distribución, etc. [R] 1922
300 ## - DESCRIPCION FISICA [R]
Extensión [R] xvi, 1070
Otros detalles físicos [NR] ilustraciones
500 ## - NOTA GENERAL [R]
Nota general [NR] Transferencia al Archivo Histórico en marzo de 2024. Investigación Emilio Quevedo, historiador de la medicina colombiana
504 ## - NOTA DE BIBLIOGRAFIA, ETC. [R]
Nota de bibliografía, etc. [NR] Incluye referencias bibliográficas e índices
650 #7 - ASIENTO SECUNDARIO DE MATERIA - TERMINO TEMATICO [R]
9 (RLIN) 19136
Término temático o nombre geográfico como elemento de entrada [NR] Medicina clínica
650 #7 - ASIENTO SECUNDARIO DE MATERIA - TERMINO TEMATICO [R]
9 (RLIN) 13137
Término temático o nombre geográfico como elemento de entrada [NR] Diagnóstico
650 #7 - ASIENTO SECUNDARIO DE MATERIA - TERMINO TEMATICO [R]
9 (RLIN) 24397
Término temático o nombre geográfico como elemento de entrada [NR] Signos y síntomas
650 #7 - ASIENTO SECUNDARIO DE MATERIA - TERMINO TEMATICO [R]
9 (RLIN) 22149
Término temático o nombre geográfico como elemento de entrada [NR] Práctica médica
700 1# - ASIENTO SECUNDARIO - NOMBRE PERSONAL [R]
9 (RLIN) 173067
Nombre personal [NR] Sergent, Émile
Término de relación [R] director
942 ## - ELEMENTOS DE ENTRADA AGREGADOS (KOHA)
Sistema de clasificación NLM
Tipo de ítem principal el descrito en 300a Libro
Tema principal 15
Edición 5
Clasificación WB 141
Parte restante de la signatura top. T255
Título oculto en OPAC No
Existencias
Suprimido Perdido Sistema de clasificación Dañado No prestable Tipo de ítem específico Ubicación habitual Ubicación actual Localización Fecha de creación Forma de adquisición Costo Volúmen / Fascículo Total préstamos Total Renewals Signatura topográfica Código de barras Última vez visto Fecha de último préstamo Ejemplar Costo de reposición Price effective from Tipo de ítem Nota pública (OPAC)
    NLM     Libro Archivo Histórico Archivo Histórico Archivo histórico 28/01/2022 Donación 0.00 5a.Ed. 2 3 WB 141 T255 100168888 07/12/2023 09/02/2022 Ej.1 26000.00 28/01/2022 Libro TRANSFERENCIA CRAI C20